000 00816nam a2200265 i 4500
003 DO-SdBNP
005 20230919094328.0
006 a||||gr|||| 00| 0
007 ta
008 230912e2023 dr ||||| |||| 00| p spa d
020 _a9789945617559
040 _aDO-SdBNP
_bspa
_cBNPHU
_erda
082 4 _222
_bT683d 2023
100 1 _aToribio, Andrés,
_d1950-
_952164
_eautor
245 1 0 _aDiálogo de mi desnudez. /
_cAndrés Toribio
250 _a2da. edición
264 1 _aSanto Domingo :
_bSantuario,
_c2023
300 _a306 páginas ;
_b23 cm.
336 _2rdacontent
_atexto
_btxt
337 _2rdamedia
_asin mediación
_brda
338 _2rdacarrier
_avolumen
_bnc
500 _aIncluye datos biográficos del autor en las solapas de la cubiertas.
590 _aInventariado 2023 / MF
942 _2ddc
_cLBS1
999 _c54694
_d54694